000 02197cam a2200433 i 4500
001 193216
003 SpMaBN
005 20250804062654.0
007 ta
008 231009s2008 sp | |||| 000 f spa
017 _aB 10558-2008
_bOficina Depósito Legal Barcelona
020 _a9788435009904
035 _a(OCoLC)317588717
035 _aa4318783
040 _aSpMaBN
_bspa
_cSpMaBN
_erdc
_dES-MaACL
080 _a821.112.2-31"19"
100 1 _aWagner, Jan Costin,
_d1972-
_0XX4734332
_9234325
_eaut
245 1 0 _aLuna helada /
_cJan Costin Wagner ; traducción de Carlos Fortea
250 _aPrimera edición: abril de 2008
260 _aBarcelona :
_bEdhasa,
_c2008
300 _a378 p. ;
_c24 cm
336 _2rdacontent
_aTexto
337 _2rdamedia
_asin mediación
338 _2rdacarrier
_avolumen
490 1 _aPolar
520 _aSólo ha pasado un día tras la muerte de su joven esposa, pero el policía finlandés Kimmo Joentaa, incapaz de asumirlo, quiere volver al trabajo cuanto antes. No soporta estar en su casa, situada frente a un lago de belleza inquietante en un solitario paraje a las afueras de Torku. A su jefe no se le ocurre nada mejor que asignarle el caso de una mujer que ha aparecido muerta en su casa, asfixiada con una almohada. La puerta no ha sido forzada, no ha habido robo, no hay móvil. Joentaa no tardará en averiguar que se enfrenta a un asesino en serie, pero lo peor será descubrir que, ambos criminal y perseguidor, comparten un sentimiento de angustia que acabará creando una extraña empatía entre ellos.
534 _pTraducción de: Eismond
655 0 _aNovelas
_9234319
700 1 _aFortea, Carlos,
_d1963-
_etrl
_951844
830 _aPolar (Barcelona)
_9234326
852 _aES-MaACL
_9200600
_bR.154614
_jN-9376
_cDEPOJ
_hDonación: Carlos Fortea
_xEncuadernación cartoné con sobrecubiertas
903 _aFortea, Carlos,
_d1963-
_ednr
_951844
942 _n0
_cMONOGRAFIA
999 _c193216
_d193216